Psychological Testing and Assessment (Record no. 198)
[ view plain ]
| 000 -LEADER | |
|---|---|
| fixed length control field | 00659nam a2200217Ii 4500 |
| 003 - CONTROL NUMBER IDENTIFIER | |
| control field | JO-AjNU |
| 008 - FIXED-LENGTH DATA ELEMENTS--GENERAL INFORMATION | |
| fixed length control field | 230606s9999||||xx |||||||||||||| ||und|| |
| 020 ## - INTERNATIONAL STANDARD BOOK NUMBER | |
| International Standard Book Number | 0-07-060085-6 |
| 040 ## - CATALOGING SOURCE | |
| Original cataloging agency | JO-AjNU |
| Language of cataloging | eng |
| Description conventions | rda |
| Transcribing agency | JO-AjNU |
| 041 ## - LANGUAGE CODE | |
| Language code of text/sound track or separate title | eng |
| 050 14 - LIBRARY OF CONGRESS CALL NUMBER | |
| Classification number | BF176.2005 |
| 100 3# - MAIN ENTRY--PERSONAL NAME | |
| Personal name | Cohen,Ronald Jay , Swerdlik,Mark E, |
| Relator term | author |
| 9 (RLIN) | 373 |
| 245 00 - TITLE STATEMENT | |
| Title | Psychological Testing and Assessment |
| 250 ## - EDITION STATEMENT | |
| Edition statement | 6 ed |
| 264 31 - PRODUCTION, PUBLICATION, DISTRIBUTION, MANUFACTURE, AND COPYRIGHT NOTICE | |
| Place of production, publication, distribution, manufacture | New Delhi:Tata McGraw Hill Education , 2009 |
| 300 ## - PHYSICAL DESCRIPTION | |
| Extent | 418P |
| 336 ## - CONTENT TYPE | |
| Content type term | text |
| Content type code | txt |
| Source | rdacontent |
| 337 ## - MEDIA TYPE | |
| Media type term | unmediated |
| Media type code | n |
| Source | rdamedia |
| 338 ## - CARRIER TYPE | |
| Carrier type term | volume |
| Carrier type code | nc |
| Source | rdacarrier |
| 650 #4 - SUBJECT ADDED ENTRY--TOPICAL TERM | |
| Topical term or geographic name entry element | Psychological tests -- Problems, exercises, etc |
| 9 (RLIN) | 374 |
| Withdrawn status | Lost status | Source of classification or shelving scheme | Damaged status | Not for loan | Home library | Current library | Shelving location | Date acquired | Total Checkouts | Full call number | Barcode | Date last seen | Price effective from | Koha item type |
|---|---|---|---|---|---|---|---|---|---|---|---|---|---|---|
| Library of Congress Classification | مكتبة جامعة عجلون الوطنية | مكتبة جامعة عجلون الوطنية | المجموعات العامة | 06/06/2023 | BF176.2005 | E198 | 06/06/2023 | 06/06/2023 | Books |